000 00761nam a22001577a 4500
005 20250903092334.0
008 240830b ||||| |||| 00| 0 eng d
082 _aDPer 364.05 P538 2020 v. 1 iss. 1-2
100 _aDr. Miergas, Marites Arcillas.
_eauthor.
_959460
245 _aChild abuse prevention programs of highly urbanized cities in the national capital region :
_bassessment as basis for proposed collaborative engagement /
_cDr. Marites Arcillas Miergas.
260 _aPhilippines ;
_bChapterhouse Publishing Inc. ,
_c2020.
300 _aVolume 1, pages 109-116 :
_billustration ;
_c26 cm.
500 _aPhilippine Criminology Journal, vol. 1, iss. 1, pages 109-116, 2020.
700 _aDr. Miergas, Marites Arcillas.
_eauthor.
_959460
942 _2ddc
_cPER
999 _c21065
_d21065